000 00804nam a2200241 i 4500
001 128139
003 ES-MaACL
005 20230906193156.0
007 t|
008 070622s1987 fr ||||1| fre d
020 _a0336-9730
080 _a811.133.1'35
245 0 3 _aLe genie de la ponctuation.
260 _aParis :
_bCentre national d'art et de culture Georges Pompidou, Centre de création industrielle,
_c[1987]
300 _a168 p. :
_bil ;
_c24 cm.
490 1 _aTraverses ;
_v43
500 _aBiblioteca Jacinto Martínez Lacalle.
500 _aNúmero monográfico de la revista trimestral Traverses, nº 43(feb. 1988)
650 1 4 _aLengua francesa-
_xPuntuación.
_914230
830 0 _aTraverses ;
_v43
_9219240
852 _aES-MaACL
_jE-11806
_bR.139956
999 _c128139
_d128139